Hundred years digest of election cases(from 1864 ro 1964) (Record no. 426861)

000 -LEADER
fixed length control field 00450cam a22001337a 4500
008 - FIXED-LENGTH DATA ELEMENTS--GENERAL INFORMATION
fixed length control field 180718b xxu||||| |||| 00| 0 eng d
082 ## - DEWEY DECIMAL CLASSIFICATION NUMBER
Classification number F8038x54 Sr38/1
100 ## - MAIN ENTRY--PERSONAL NAME
Personal name Srivastava, Balram Lal
245 ## - TITLE STATEMENT
Title Hundred years digest of election cases(from 1864 ro 1964)
Statement of responsibility, etc. by Balram Lal Srivastava
260 ## - PUBLICATION, DISTRIBUTION, ETC.
Place of publication, distribution, etc. Allahabad
Name of publisher, distributor, etc. Central Law Agency
Date of publication, distribution, etc.
300 ## - PHYSICAL DESCRIPTION
Extent v
500 ## - GENERAL NOTE
General note Contents; v.1.(A-Eletion Commissioner), 200p
650 ## - SUBJECT ADDED ENTRY--TOPICAL TERM
Topical term or geographic name entry element Election law --India --Digests
Holdings
Withdrawn status Lost status Damaged status Not for loan Permanent Location Current Location Date acquired Full call number Barcode Date last seen Price effective from Koha item type
        Indian Institute of Public Administration Indian Institute of Public Administration 2009-11-05 F8038x54 Sr38/1 36583 2018-07-21 2018-07-21 Book

Powered by Koha